Statistics for Countries that Beat Egypt

Click here to take the quiz!

General Stats

  • This quiz has been taken 14,910 times
    (14,798 since last reset)
  • The average score is 14 of 18

Answer Stats

RankCategoryCountries% Correct
5Northernmost country in AfricaTunisia | Algeria | Morocco | Libya
99%
3African countries with the most touristsMorocco | South Africa
98%
6Country with the most MuslimsIndonesia | Pakistan | India |
Bangladesh | Nigeria
97%
11 (t)Shortest country nameChad | Cuba | Fiji | Iran | Iraq | Laos |
Mali | Oman | Peru | Togo
93%
4Greatest amount of land in the Nile River BasinSudan | South Sudan | Ethiopia
93%
2Most mentioned modern-day country in the KJV BibleIsrael
92%
9African country with the highest HDI
* HDI measures, health, education, and income
Seychelles | Mauritius | Algeria | Tunisia |
Botswana | Libya | Gabon | South Africa
88%
3Most populous African countryNigeria | Ethiopia
87%
3Largest Mediterranean country by areaAlgeria | Libya
86%
7Country producing the most orangesBrazil | China | India | Mexico |
United States | Spain
83%
2Northernmost country whose name begins with EEstonia
81%
5Country hosting the most Syrian refugeesTurkey | Lebanon | Jordan | Iraq
81%
7Whose capital has the highest urban area populationJapan | Indonesia | India | Philippines |
South Korea | Mexico
79%
6 (t)African country with the most Men's FIFA
World Cup appearances
Cameroon | Nigeria | Morocco |
Tunisia | Algeria
78%
5Greatest human exposure to air pollutionNepal | Niger | Qatar | India | Saudi Arabia
66%
3Lowest percentage of land covered by forest
* Excluding micronations
Qatar | Oman
55%
3Most violent persecution of Christians,
according to Christianity Today
Pakistan | Nigeria
49%
4 (t)Flag with the highest percentage of blackLibya | Papua New Guinea | Angola
46%

Score Distribution

Percentile by Number Answered

Percent of People with Each Score

Your Score History

You have not taken this quiz since the last reset